000 00747nam a2200265Ia 4500
001 Z_1374
003 CHAP
008 220113s1983 xx 000 0 und d
010 _a164463
040 _cCHAP
090 _aTesis H 689
100 _aHarmon, David L
_952763
245 _aD(-)lactate metabolism in beef cattle /
_cby David L. Harmon
260 _aLincoln, Nebraska :
_bThe author,
_c1983
300 _a137 h. ; gráfs.
502 _aThesis (Doctor of philosophy) -- University of Nebraska. Department of Animal Science
650 _aGanado de carne
_xMejoramiento
_945091
650 _aMetabolismo en rumiantes
_975155
901 _aTESIS H 689
902 _aM
910 _a1983
942 _c2
942 _c2
999 _c164463
_d164463